The ethical journalist : (Record no. 18587)
[ view plain ]
| 000 -LEADER | |
|---|---|
| fixed length control field | 00747nam a22002057a 4500 |
| 008 - FIXED-LENGTH DATA ELEMENTS--GENERAL INFORMATION | |
| fixed length control field | 231204b ||||| |||| 00| 0 eng d |
| 020 ## - INTERNATIONAL STANDARD BOOK NUMBER | |
| International Standard Book Number | 9781119777472 |
| 082 ## - DEWEY DECIMAL CLASSIFICATION NUMBER | |
| Edition number | 2022 |
| Classification number | DC 174.907 |
| Item number | F761 |
| 100 ## - MAIN ENTRY--PERSONAL NAME | |
| Personal name | Foreman, Gene. |
| 9 (RLIN) | 50380 |
| 245 ## - TITLE STATEMENT | |
| Title | The ethical journalist : |
| Remainder of title | making responsible decisions in the digital age / |
| Statement of responsibility, etc. | Gene Foreman and three others. |
| 250 ## - EDITION STATEMENT | |
| Edition statement | Third edition. |
| 260 ## - PUBLICATION, DISTRIBUTION, ETC. (IMPRINT) | |
| Place of publication, distribution, etc. | USA : |
| Name of publisher, distributor, etc. | John wiley & sons, |
| Date of publication, distribution, etc. | ©2022. |
| 300 ## - PHYSICAL DESCRIPTION | |
| Extent | xxiii, 423 pages : |
| Other physical details | illustrations ; |
| Dimensions | 23 cm. |
| 500 ## - GENERAL NOTE | |
| General note | Includes glossary and index. |
| 650 ## - SUBJECT ADDED ENTRY--TOPICAL TERM | |
| Topical term or geographic name as entry element | Journalistic ethics. |
| 9 (RLIN) | 32439 |
| 700 ## - ADDED ENTRY--PERSONAL NAME | |
| Personal name | Biddle, Daniel R. |
| Relator term | author. |
| 9 (RLIN) | 50381 |
| 700 ## - ADDED ENTRY--PERSONAL NAME | |
| Personal name | Lounsberry, Emilie. |
| Relator term | author. |
| 9 (RLIN) | 50382 |
| 700 ## - ADDED ENTRY--PERSONAL NAME | |
| Personal name | Jones, Richard G. |
| Relator term | author. |
| 9 (RLIN) | 50383 |
| 942 ## - ADDED ENTRY ELEMENTS (KOHA) | |
| Source of classification or shelving scheme | Dewey Decimal Classification |
| Koha item type | Circulation |
| Withdrawn status | Lost status | Source of classification or shelving scheme | Damaged status | Not for loan | Collection code | Home library | Current library | Date acquired | Source of acquisition | Cost, normal purchase price | Total Checkouts | Full call number | Barcode | Date last seen | Price effective from | Koha item type |
|---|---|---|---|---|---|---|---|---|---|---|---|---|---|---|---|---|
| Dewey Decimal Classification | Circulation | UM Digos College - LIC | UM Digos College - LIC | 08/08/2023 | Purchased | 6495.00 | DC 174.907 F761 2022 | 27515 | 05/15/2025 | 12/04/2023 | Circulation |
